Law and Order SVU - Statistics

General Stats
  • This quiz has been taken 279 times
  • The average score is 4 of 7
Answer Stats
Hint Answer % Correct
How many kids did Stabbler have when he left? 5
98%
In what season did Oliva adopt Noah? 16
80%
Who was the original captain? Captain Cragen
73%
Who was the creator of Law and Order SVU? Dick Wolf
71%
Who kidnapped Olivia Benson? William Lewis
60%
What did Amanda name her little girl? Jessie
53%
How many episodes of Law and Order SVU have there been before 2016? 389
5%
No matching quizzes found
Score Distribution
Percent of People with Each Score
Percentile by Number Answered
Your Score History
You have not taken this quiz